=LDR 00000nam 2200000 4500 =001 INLIS000000000014720 =005 20130612110011 =008 ***********************************Ind** =035 ##$$0010-061300000014720 =041 ##$$a Ind =082 ##$$a 600 =090 ##$$a 600, Coo J =100 ##$$a Cooper, Christopher =245 ##$$a Jendela Iptek 4, Materi, Christopher Cooper =260 ##$$a 2000 $b Jakarta =300 ##$$a 64, hlm, Ilus, 30 cm =650 ##$$a Tekhnologi dan Sains =850 ##$$a NBPNMAT